Statistics for Five Most Guessed World Cities by Letter #1

Click here to take the quiz!

General Stats

  • This quiz has been taken 701 times
  • The average score is 34 of 40

Answer Stats

LetterCountryGuessedCity% Correct
AGreece96%Athens
99%
ANetherlands93%Amsterdam
98%
BChina97%Beijing
98%
BGermany94%Berlin
98%
CEgypt99%Cairo
98%
BSpain90%Barcelona
96%
DIndia91%Delhi
96%
DUAE90%Dubai
96%
BThailand95%Bangkok
95%
JIndonesia99%Jakarta
95%
BArgentina91%Buenos Aires
94%
HCuba91%Havana
94%
KUkraine90%Kiev
94%
ATurkey91%Ankara
93%
CSouth Africa77%Cape Town
92%
JSouth Africa98%Johannesburg
92%
GGuatemala96%Guatemala City
91%
HVietnam91%Hanoi
90%
AAlgeria83%Algiers
89%
HGermany87%Hamburg
89%
KKuwait82%Kuwait City
89%
DSyria81%Damascus
88%
CUnited States89%Chicago
87%
CVenezuela74%Caracas
86%
KAfghanistan85%Kabul
86%
KMalaysia80%Kuala Lumpur
84%
AEthiopia78%Addis Ababa
83%
CMorocco66%Casablanca
81%
GChina89%Guangzhou
81%
DUnited States79%Dallas
80%
HVietnam79%Ho Chi Minh City
80%
DUnited States80%Detroit
78%
KNepal74%Kathmandu
78%
GUnited Kingdom73%Glasgow
76%
HUnited States79%Houston
73%
GMexico78%Guadalajara
71%
G(Palestine)79%Gaza
70%
JSaudi Arabia71%Jeddah
68%
JUnited States61%Jacksonville
57%
JIndia53%Jaipur
49%

Score Distribution

Percentile by Number Answered

Percent of People with Each Score

Your Score History

You have not taken this quiz